000 00652nas a2200229 4500
001 BR9502908
003 BR-BrBNA
005 20231205094344.0
007 ta
008 230509b bl.|||p| |||| 00| 00por d
040 _aBR-BrBNA
_bpor
_cBiblioteca Nacional de Agricultura
041 _a(Pt)
072 _aF04
100 1 _aBenedini, M.S.
245 1 _aUso de gesso agricola em solos cultivados com cana-de-acucar
650 _aCana de Acucar
650 _aGesso
650 _aSolo
773 0 _tSTAB (Brazil)
_xISSN 0102-1214
_g(Sep-Dec 1990), v. 9(1-2) p. 17-23
_wBR9502908
909 _a202311
_bLúcia
_c55
_dLúcia Elande
942 _2AGRIS
_n0
_cANA
999 _c143768
_d143768